[Event "AUTO-MASTER-3193"]
[Site "http://www.queenalice.com/game.php?id=1826669"]
[Date "2023.12.7"]
[Round "1"]
[White "wdcarver"]
[Black "Takeda"]
[Result "0-1"]
[WhiteElo "2031"]
[BlackElo "2075"]

1. d4 g6 2. c4 Bg7 3. Bf4 d6 4. Nc3 Nf6 5. h3 Nbd7 6. Nf3 c5 7. e3 Qa5 8. Be2
Ne4 9. Qc2 Ndf6 10. O-O Nxc3 11. bxc3 Bf5 12. Bd3 Bxd3 13. Qxd3 O-O 14. Rfb1 b6
15. a4 Nd7 16. Rb5 Qa6 17. Qe2 cxd4 0-1

[Event "AUTO-MASTER-3193"]
[Site "http://www.queenalice.com/game.php?id=1826670"]
[Date "2023.12.7"]
[Round "1"]
[White "Takeda"]
[Black "wdcarver"]
[Result "1-0"]
[WhiteElo "2060"]
[BlackElo "2046"]

1. e4 e5 2. Nf3 Nc6 3. Bb5 d6 4. h3 Nf6 5. O-O Nxe4 6. d4 a6 7. Bxc6+ bxc6 8.
dxe5 d5 9. Nbd2 Bf5 10. c4 Bc5 11. Nxe4 Bxe4 12. Ng5 Bg6 13. Kh1 O-O 14. f4 h6
15. Nf3 Be4 16. Qe2 Rb8 17. b3 Re8 18. Bb2 1-0

[Event "AUTO-MASTER-3184"]
[Site "http://www.queenalice.com/game.php?id=1832918"]
[Date "2024.3.7"]
[Round "2"]
[White "wdcarver"]
[Black "Pipo712"]
[Result "0-1"]
[WhiteElo "2032"]
[BlackElo "1992"]

1. d4 d5 2. c4 c6 3. Nc3 Nf6 4. Bf4 Nbd7 5. e3 e6 6. a3 dxc4 7. Bxc4 Nb6 8. Bd3
Nbd5 9. Bg5 Be7 10. Nf3 O-O 11. Qc2 h6 12. Bh4 Qa5 13. O-O Nh5 14. Bg3 Nxg3 15.
hxg3 Bf6 16. b4 Qd8 17. Rfc1 Nxc3 18. Qxc3 a6 19. Nd2 g6 20. f4 Bd7 21. Ne4 Be7
22. Kf2 f5 23. Nc5 Bxc5 24. Qxc5 Be8 25. Rh1 Kg7 26. Qe5+ Qf6 27. Qc5 Bf7 28.
Be2 Rh8 29. Rad1 h5 30. Qe5 Qxe5 31. dxe5 Rhd8 32. Rd6 Rxd6 33. exd6 Rd8 34. Rd1
Kf6 35. Bc4 Bg8 36. Kf3 Bf7 37. a4 Be8 38. a5 Bd7 39. e4 e5 40. fxe5+ Kxe5 41.
exf5 Bxf5 42. Ke3 Rxd6 43. Rxd6 Kxd6 44. Kd4 g5 45. Be2 Bg6 46. Bc4 Bc2 47. Be2
h4 48. gxh4 gxh4 49. Bg4 Bb3 50. Bf3 Bd5 51. Bxd5 cxd5 52. Kd3 Ke5 53. Ke3 d4+
54. Kd3 Kd5 55. Kd2 Kc4 56. Kc2 Kxb4 57. Kd3 Kxa5 58. Kxd4 b5 59. Kc3 b4+ 60.
Kb3 Kb5 61. Kb2 Kc4 62. Ka2 a5 63. Kb2 a4 64. Ka2 Kc3 65. Kb1 b3 66. Ka1 Kc2 67.
g3 b2+ 0-1

[Event "AUTO-MASTER-3184"]
[Site "http://www.queenalice.com/game.php?id=1832919"]
[Date "2024.3.7"]
[Round "2"]
[White "Pipo712"]
[Black "wdcarver"]
[Result "1-0"]
[WhiteElo "2052"]
[BlackElo "2004"]

1. e4 e5 2. Nf3 Nc6 3. Bb5 d6 4. d4 a6 5. Bxc6+ bxc6 6. dxe5 Bg4 7. Bf4 d5 8.
exd5 cxd5 9. Nc3 c6 10. h3 Bxf3 11. Qxf3 Bb4 12. O-O Ne7 13. a3 Ba5 14. b4 Bc7
15. Rfe1 Ng6 16. Bg3 O-O 17. Qg4 Re8 18. f4 Bb6+ 19. Kh2 Bd4 20. Qf3 h6 21. Rad1
Bb6 22. Na4 a5 23. Nxb6 Qxb6 24. Bf2 Qb5 25. Bc5 axb4 26. axb4 Qc4 27. g3 Qxc2+
28. Qg2 Ra2 29. Qxc2 Rxc2+ 30. Kh1 Ra8 31. Ra1 Raa2 32. Rxa2 Rxa2 33. f5 Nf8 34.
e6 1-0

[Event "Ramones"]
[Site "http://www.queenalice.com/game.php?id=1851251"]
[Date "2025.1.31"]
[Round "-"]
[White "bobifixer"]
[Black "wdcarver"]
[Result "0-1"]
[WhiteElo "1993"]
[BlackElo "2006"]

1. Nf3 d5 2. d4 c5 3. c3 Nc6 4. g3 h6 5. Bg2 Nf6 6. Na3 Bf5 7. O-O e6 8. Nc2 Bd6
9. Nh4 Bxc2 10. Qxc2 cxd4 11. cxd4 Nxd4 12. Qa4+ Nc6 13. Bd2 O-O 14. e3 a6 15.
Bc3 Rc8 16. Qb3 b5 17. Nf3 Ne4 18. Rac1 Nxc3 19. Rxc3 b4 20. Rcc1 a5 21. Nd4
Nxd4 22. exd4 Qb6 23. Qd3 Rc7 24. b3 Rfc8 25. Rxc7 Rxc7 26. Rd1 Rc3 27. Qd2 Be7
28. Rc1 Qc7 29. Re1 Bg5 30. f4 Bf6 0-1

[Event "AUTO-ADV-4848"]
[Site "http://www.queenalice.com/game.php?id=1852474"]
[Date "2025.2.20"]
[Round "1"]
[White "chessman"]
[Black "wdcarver"]
[Result "0-1"]
[WhiteElo "1993"]
[BlackElo "2017"]

1. e4 e5 2. Nf3 Nc6 3. Bc4 Bc5 4. b4 Bxb4 5. c3 Ba5 6. O-O d6 7. d3 h6 8. Bb2 a6
9. Nbd2 Bg4 10. h3 Bxf3 11. Nxf3 Nf6 12. Re1 O-O 13. a4 Bb6 14. d4 exd4 15. cxd4
Ba5 16. Re2 Re8 17. Bxf7+ Kxf7 18. Qb3+ Kf8 19. Qxb7 Qd7 20. Qb3 Rxe4 0-1

[Event "AUTO-ADV-4848"]
[Site "http://www.queenalice.com/game.php?id=1852488"]
[Date "2025.2.20"]
[Round "1"]
[White "wdcarver"]
[Black "EdsonEstevam"]
[Result "1-0"]
[WhiteElo "1998"]
[BlackElo "1751"]

1. d4 d5 2. c4 c6 3. Nc3 Nf6 4. Nf3 e6 5. c5 h6 6. Bf4 Be7 7. e3 O-O 8. Bd3 a6
9. a3 Re8 10. Na4 Nbd7 11. h3 b6 12. b4 b5 13. Nc3 Bb7 14. O-O Nh5 15. Bh2 Bh4
16. Ne5 Nxe5 17. Bxe5 Bf6 18. Qxh5 Bg5 19. Qg4 Rf8 20. Ne2 Bc8 21. Qg3 f6 22.
Bd6 f5 23. Bxf8 Qxf8 24. Rfc1 Bd7 25. Qc7 Qf7 26. Qb7 Qe8 27. Qc7 Bf6 28. a4 e5
29. axb5 exd4 30. Nxd4 Be5 31. Qb7 Qd8 32. bxc6 Bb8 33. Qxd7 Qf6 34. c7 Qe5 35.
Qe6+ Qxe6 36. Nxe6 Kf7 37. cxb8=Q Rxb8 38. Rxa6 Rxb4 39. Rb1 Rxb1+ 40. Bxb1 Kg6
41. Nd4+ Kg5 42. Bxf5 Kh4 43. Nf3+ Kh5 44. Bg4# 1-0

[Event "AUTO-ADV-4848"]
[Site "http://www.queenalice.com/game.php?id=1852489"]
[Date "2025.2.20"]
[Round "1"]
[White "EdsonEstevam"]
[Black "wdcarver"]
[Result "0-1"]
[WhiteElo "1745"]
[BlackElo "1990"]

1. e4 e5 2. Nf3 Nc6 3. Bb5 d6 4. Bxc6+ bxc6 5. O-O Nf6 6. Nc3 Bg4 7. h3 Bh5 8.
d3 Bxf3 9. Qxf3 h6 10. Re1 Be7 11. b3 O-O 12. Qg3 Nh5 13. Qg4 Nf4 14. Ne2 Bg5
15. Nxf4 Bxf4 16. Bxf4 exf4 17. Qxf4 c5 18. Re3 Qg5 19. Qxg5 hxg5 20. g3 f6 21.
a4 Kf7 22. f3 Rh8 23. Ree1 Rxh3 24. Kg2 Rh6 25. g4 Ke6 26. c3 Ke5 27. Kg3 Rah8
28. Kf2 Kf4 29. Rg1 Rh3 30. d4 cxd4 31. cxd4 Rxf3+ 32. Ke2 Rh2+ 33. Ke1 Rxb3 34.
Rc1 Kxe4 35. d5 Rbb2 36. Rc4+ Kxd5 37. Rc1 c5 38. Rd1+ Ke4 39. Rxd6 Ke5 40. Rd7
c4 41. Re7+ Kd6 0-1

[Event "AUTO-ADV-4848"]
[Site "http://www.queenalice.com/game.php?id=1852490"]
[Date "2025.2.20"]
[Round "1"]
[White "wdcarver"]
[Black "Castling"]
[Result "1-0"]
[WhiteElo "2015"]
[BlackElo "1593"]

1. d4 g6 2. c4 Bg7 3. Nf3 b6 4. Nc3 Bb7 5. Bf4 d6 6. e3 Nf6 7. g3 Nc6 8. Bg2 h6
9. h4 Ng4 10. e4 O-O 11. O-O Re8 12. d5 Nce5 13. Bxe5 Bxe5 14. Rc1 Bxg3 15. fxg3
Ne3 16. Qd2 Nxf1 17. Qxh6 f6 18. Qxg6+ Kh8 19. Rxf1 Rf8 20. Nd4 Qe8 21. Qh6+ Kg8
22. Bh3 Bc8 23. Be6+ Bxe6 24. Nxe6 Rf7 25. Rf4 Rh7 26. Rg4+ 1-0

[Event "AUTO-ADV-4848"]
[Site "http://www.queenalice.com/game.php?id=1852491"]
[Date "2025.2.20"]
[Round "1"]
[White "Castling"]
[Black "wdcarver"]
[Result "0-1"]
[WhiteElo "1605"]
[BlackElo "2019"]

1. e4 e5 2. Bc4 Nf6 3. d3 h6 4. Nf3 Nc6 5. a3 Bc5 6. h3 a6 7. Nc3 d6 8. Qe2 O-O
9. Be3 Ba7 10. Nd5 Be6 11. Bxa7 Nxa7 12. O-O-O b5 13. Bb3 c6 14. Nxf6+ Qxf6 15.
Bxe6 Qxe6 16. Kb1 c5 17. Nd2 Nc6 18. c3 Rfb8 19. Kc2 a5 20. Ra1 b4 21. a4 bxc3
22. Kxc3 Nd4 23. Qd1 Rb4 24. b3 Rab8 25. Rb1 Qf6 26. f3 Qf4 27. Rb2 Qe3 28. Re1
Qg5 29. g4 Qh4 30. Rh1 Qf6 31. Rf1 g5 32. Rf2 Qe6 33. Nc4 Nc6 34. Rfc2 d5 35.
Ne3 d4+ 36. Kd2 dxe3+ 37. Ke2 Nd4+ 38. Kxe3 Nxc2+ 39. Qxc2 Rxb3 40. Rxb3 Rxb3
41. Qxc5 Qb6 42. Qxb6 Rxb6 0-1

[Event "AUTO-ADV-4850"]
[Site "http://www.queenalice.com/game.php?id=1853363"]
[Date "2025.3.6"]
[Round "1"]
[White "SGF"]
[Black "wdcarver"]
[Result "0-1"]
[WhiteElo "1693"]
[BlackElo "2000"]

1. e4 e5 2. Qf3 Nf6 3. d3 h6 4. Be2 Bc5 5. Qg3 d6 6. Bf3 g6 7. h4 Be6 8. a3 Nc6
9. c3 Bb6 10. b4 Qd7 11. a4 a5 12. b5 Ne7 13. Be3 Nc8 14. Bxb6 Nxb6 15. Nd2 c6
16. c4 cxb5 17. axb5 a4 18. Ne2 Ke7 19. Ra3 Qc7 20. Nc3 Qc5 21. O-O Qxa3 22.
Ndb1 Qb2 23. Nd5+ Bxd5 24. exd5 a3 25. Nxa3 Rxa3 26. h5 g5 27. Bg4 Qd4 28. Be2
Rha8 29. Qe3 Qxe3 30. fxe3 Ra1 31. Rxa1 Rxa1+ 32. Kf2 Ra2 33. Kf3 Nxh5 34. g4
Nf6 35. e4 Nxg4 36. Kxg4 Rxe2 37. Kf3 Rc2 38. Kg4 Nd7 39. Kh5 Kf6 40. Kxh6 Rh2#
0-1

[Event "AUTO-ADV-4850"]
[Site "http://www.queenalice.com/game.php?id=1853364"]
[Date "2025.3.6"]
[Round "1"]
[White "wdcarver"]
[Black "SGF"]
[Result "1-0"]
[WhiteElo "1996"]
[BlackElo "1699"]

1. d4 e6 2. c4 Qf6 3. Nf3 h6 4. Nc3 c6 5. e4 Bb4 6. e5 Qg6 7. c5 a6 8. a3 Bxc3+
9. bxc3 Qe4+ 10. Be3 Ne7 11. Bd3 Qg4 12. O-O Nf5 13. h3 Qg6 14. Bxf5 exf5 15.
Nd2 O-O 16. Nc4 a5 17. Nd6 Na6 18. Qf3 h5 19. Nxf5 d6 20. Ne7+ Kh7 21. Nxg6 Kxg6
22. exd6 f5 23. Qg3+ Kh7 24. Qg5 g6 25. Qh6+ Kg8 26. Qxg6+ Kh8 27. Bf4 Bd7 28.
Be5+ Rf6 29. Bxf6# 1-0

[Event "AUTO-ADV-4850"]
[Site "http://www.queenalice.com/game.php?id=1853369"]
[Date "2025.3.6"]
[Round "1"]
[White "Fauquinelle"]
[Black "wdcarver"]
[Result "1-0"]
[WhiteElo "1961"]
[BlackElo "2025"]

1. d4 d5 2. c4 e6 3. Nc3 Bb4 4. Nf3 h6 5. e3 Nf6 6. Qb3 Nc6 7. Ne5 Bxc3+ 8. bxc3
dxc4 9. Bxc4 Nxe5 10. dxe5 Nd7 11. f4 O-O 12. Ba3 c5 13. Rd1 Qc7 14. Rd6 b6 15.
O-O Bb7 16. Rfd1 Rfd8 17. Bb5 Nf8 18. Qc2 a6 19. Be2 Rd7 20. R1d2 Rad8 21. Qd1
a5 22. Bb5 Rxd6 23. exd6 Qc8 24. c4 Bc6 25. Qa4 Bxb5 26. Qxb5 Qb8 27. Qc6 Nd7
28. Bb2 Qc8 29. Qf3 f6 30. Qg4 e5 31. Qe6+ Kh8 32. fxe5 Nxe5 33. Qxc8 Rxc8 34.
Bxe5 fxe5 35. Kf2 e4 36. d7 Rd8 37. Kg3 g5 38. Kg4 Kg7 39. Kf5 Kf7 40. g4 a4 41.
Kxe4 Ke6 42. Rb2 Rb8 43. d8=Q Rxd8 44. Rxb6+ Rd6 45. Rb2 Rc6 46. a3 Ra6 47. Rb7
Kf6 48. Rh7 Re6+ 49. Kd3 Rd6+ 50. Ke2 Kg6 51. Rb7 Re6 52. h3 Ra6 53. Rb5 Kf6 54.
Rxc5 Ke6 55. Rb5 Kd6 56. e4 1-0

[Event "AUTO-ADV-4850"]
[Site "http://www.queenalice.com/game.php?id=1853370"]
[Date "2025.3.6"]
[Round "1"]
[White "wdcarver"]
[Black "Fauquinelle"]
[Result "1-0"]
[WhiteElo "2004"]
[BlackElo "1887"]

1. d4 d5 2. c4 c6 3. Nc3 Nf6 4. Nf3 dxc4 5. a4 Bf5 6. Bf4 e6 7. e3 Bb4 8. Bxc4
Ne4 9. Qb3 Qb6 10. O-O Nd2 11. Nxd2 1-0

[Event "AUTO-OPEN-4583"]
[Site "http://www.queenalice.com/game.php?id=1854271"]
[Date "2025.3.21"]
[Round "1"]
[White "SGF"]
[Black "wdcarver"]
[Result "0-1"]
[WhiteElo "1724"]
[BlackElo "2021"]

1. e4 e5 2. Qf3 Nf6 3. d3 Bc5 4. Be2 d6 5. Qg3 g6 6. Bg5 Nh5 7. Bxh5 f6 8. Bh6
Qe7 9. Bxg6+ hxg6 10. Qxg6+ Qf7 11. Qxf7+ Kxf7 12. Be3 Bxe3 13. fxe3 Be6 14. Nf3
Nd7 15. Nc3 Rag8 16. g3 Rxg3 17. Kf2 Rgg8 18. Nb5 c6 19. Nxd6+ Ke7 20. Nxb7 Rb8
21. Na5 Kd6 22. Nc4+ Bxc4 23. dxc4 Rxb2 24. Rhd1+ Ke7 25. Rd2 Nc5 26. Ke2 Nxe4
27. Rdd1 Nc3+ 28. Kd3 Nxd1 29. Rxd1 Rd8+ 30. Ke2 Rxc2+ 31. Ke1 Rxd1+ 32. Kxd1
Rxa2 33. h4 Kf7 34. h5 Rb2 35. Kc1 Re2 36. h6 Rxe3 37. h7 Kg7 38. Nh4 Kxh7 39.
Nf5 Rc3+ 40. Kd2 Rxc4 41. Kd3 Rf4 42. Ne3 a5 43. Nc4 a4 44. Kc3 e4 45. Ne3 Rf3
46. Kd4 Rxe3 47. Kxe3 a3 48. Kxe4 a2 49. Kd4 a1=Q+ 50. Kc5 Qa4 51. Kd6 Qb5 52.
Ke6 Kg7 53. Kd6 Qd5+ 54. Kc7 c5 55. Kb6 c4 56. Ka6 c3 57. Kb6 c2 58. Ka6 Qb3 59.
Ka5 c1=Q 60. Ka6 Qca3# 0-1

[Event "AUTO-OPEN-4583"]
[Site "http://www.queenalice.com/game.php?id=1854272"]
[Date "2025.3.21"]
[Round "1"]
[White "wdcarver"]
[Black "SGF"]
[Result "1-0"]
[WhiteElo "2014"]
[BlackElo "1729"]

1. d4 e6 2. c4 Bb4+ 3. Bd2 a5 4. a3 Bxd2+ 5. Qxd2 Qf6 6. Nf3 h6 7. e3 Ne7 8. Nc3
c6 9. Ne4 Qg6 10. Nd6+ Kd8 11. Ne5 Qf6 12. Ndxf7+ Kc7 13. Nxh8 d6 14. Nef7 Ng6
15. Nxd6 Kxd6 16. Nxg6 Qxg6 17. Qd3 Qxd3 18. Bxd3 g5 19. e4 e5 20. c5+ Ke6 21.
Ke2 exd4 22. b4 Ke5 23. f3 axb4 24. axb4 Rxa1 25. Rxa1 Be6 26. Ra7 Na6 27. Rxb7
Kf4 28. Bxa6 Ke5 29. Rh7 Kf4 30. Re7 Bb3 31. g3# 1-0